000 02006nam0a2200361 4500
001 RU\NLR\bibl\1041085
005 20260405113439.0
021 _aRU
_b2006-82367
_94171
035 _a(nilc)RSL-KNO-003005827
035 _a(NLR Aleph) 001028481
090 _a743419
_c743419
100 _a20061219d2006 |||y0rusy50 ca
101 0 _arus
102 _aRU
105 _aa |||||||||
200 1 _aИнтеграционные процессы в аграрной сфере экономики России
_eмонография
_fТ.В. Липницкий, П.В. Никифоров, Е.П. Никифорова
_gФедер. агентство по образованию, Новгор. гос. ун-т им. Ярослава Мудрого
210 _aВеликий Новгород
_cиздательско-полиграфический центр Новгородского государственного университета
_d2006
_eВеликий Новгород
_gИн-т экономики и упр.
215 _a158 с.
_cил., табл.
_d20
320 _aБиблиогр.: с. 152-158 (89 назв.)
606 1 _aАгропромышленная кооперация
_yРоссийская Федерация
_92092135
_3RU\NLR\auth\661266212
610 0 _aЭкономика -- Российская Федерация -- Сельское хозяйство -- Агропромышленный комплекс
686 _aУ9(2)320-434,0
_2rubbk
686 _aУ32(2)-434(2Р)
700 1 _aЛипницкий
_bТ. В.
_gТарас Валерьевич
_4070
701 1 _4070
_8rus
_7ca
_aНикифоров
_bП. В.
_cд-р экон. наук
_f1940-
_gПавел Васильевич
_3RU\NLR\auth\7744144
_927086
701 1 _aНикифорова
_bЕ. П.
_gЕвдокия Павловна
_4070
801 0 _aRU
_bРКП
_c20061219
_grcr
801 1 _aRU
_bРГБ
_c20061219
801 2 _aRU
_bNLR
_c20070206
_grcr
942 _cBOOK
980 _aNB
980 _aNBR